000 01082cam a2200277 a 4500
001 000013372
005 20240502094959.0
008 830930s1983 sp a b 100 0 spa
010 _a83180328
020 _a8432043036
040 _aDO-SdBNP
_cDLC
_dDLC
043 _ad------
050 0 0 _aHC59
_b.C338 1983
100 1 _aCastro, Fidel
_d 1926-2016
_916971
245 1 3 _aLa crisis economica y social del mundo :
_bsus repercusiones en los paises subdesarrollados, sus perspectivas sombrias y la necesidad de luchar si queremos sobrevivir /
_cFidel Castro.
250 _a1a ed. en Coleccion Documento.
260 _aBarcelona :
_bPlaneta,
_c1983.
300 _a238 p. :
_bill. ;
_c24 cm.
490 0 _aDocumento ;
_v119
504 _aBibliography: p. 235-238.
651 0 _aDeveloping Countries
_xEconomic Conditions
_xCongresses.
_930589
650 0 _aInternational economic relations
_xCongresses.
_930590
711 2 _aConference of Heads of State or Government of Non-aligned Countries
_n(7th :
_d1983)
_930591
910 _aCatalogación derivada
082 0 0 _a330.9172/4
_219
999 _c12998
_d12998